A TEXT BOOK OF DRAVYAGUNA VIJNANA (Record no. 8454)

MARC details
000 -LEADER
fixed length control field 00308nam a22001337a 4500
003 - CONTROL NUMBER IDENTIFIER
control field SGT
082 ## - DEWEY DECIMAL CLASSIFICATION NUMBER
Classification number 612.015
Item number T14H
100 ## - MAIN ENTRY--PERSONAL NAME
Personal name HEGDE, PRAKASH L
245 ## - TITLE STATEMENT
Title A TEXT BOOK OF DRAVYAGUNA VIJNANA
260 ## - PUBLICATION, DISTRIBUTION, ETC. (IMPRINT)
Place of publication, distribution, etc VARANASI
Name of publisher, distributor, etc CHAUKHAMBHA
Year of Publication 2014
300 ## - PAGE DESCRIPTION
No. of Pages 991
650 ## - SUBJECT ADDED ENTRY--TOPICAL TERM
Topical term or geographic name as entry element DRAVYAGUNA VIJNANA
942 ## - ADDED ENTRY ELEMENTS (KOHA)
Source of classification or shelving scheme Dewey Decimal Classification
Koha item type Books
942 ## - ADDED ENTRY ELEMENTS (KOHA)
-- 3
Holdings
Withdrawn status Lost status Source of classification or shelving scheme Damaged status Not for loan Collection code Home library Current library Shelving location Date acquired Vendor Name Cost, normal purchase price Volume Information (Serial or Books or Non-Book Material) SGTU Bill Number Total Checkouts Full call number Accession No. (Barcode) Checked out Date last seen Date last borrowed Bill Date Koha item type
    Dewey Decimal Classification     AYURVEDA SGT FA-FP Library SGT FA-FP Library Text Book 16/03/2016 CHAUKHAMBHA 795.00 2 SGTU CP/B/724 21 612.015 T14H FA3601 08/06/2026 25/05/2026 25/05/2026 16/12/2015 Books
    Dewey Decimal Classification     AYURVEDA SGT FA-FP Library SGT FA-FP Library Text Book 16/03/2016 CHAUKHAMBHA 795.00 2 SGTU CP/B/724 12 612.015 T14H FA3602   21/09/2023 20/09/2023 16/12/2015 Books
    Dewey Decimal Classification     AYURVEDA SGT FA-FP Library SGT FA-FP Library Text Book 16/03/2016 CHAUKHAMBHA 795.00 2 SGTU CP/B/724 11 612.015 T14H FA3603   05/05/2026 23/04/2026 16/12/2015 Books
    Dewey Decimal Classification     AYURVEDA SGT FA-FP Library SGT FA-FP Library Text Book 16/03/2016 CHAUKHAMBHA 795.00 2 SGTU CP/B/724 5 612.015 T14H FA3604   31/08/2019 28/05/2019 16/12/2015 Books
    Dewey Decimal Classification     AYURVEDA SGT FA-FP Library SGT FA-FP Library Text Book 16/03/2016 CHAUKHAMBHA 795.00 2 SGTU CP/B/724   612.015 T14H FA3605   23/12/2020   16/12/2015 Books